| 000 | 00636nam a2200169Ia 4500 | ||
|---|---|---|---|
| 005 | 20250508153048.0 | ||
| 008 | 008 250505s9999 xx 000 0 eng d | ||
| 037 | _aBooks to be hide in OPAC | ||
| 040 |
_aFEDL _beng _cFEDL |
||
| 041 |
_aeng _2eng |
||
| 084 |
_a370.730 6, CON _qFEDL |
||
| 245 | 0 | _aFirst conference of training colleges in India held under the joint auspices of Maharaja Sayajirao University of Baroda and the Indian institute of education, Bombay | |
| 260 |
_aBombay, India _bIndian Institute of Education _c1951 |
||
| 300 | _aviii,406p | ||
| 942 |
_cHB _h370.730 6, CON |
||
| 999 |
_c1340458 _d1340458 |
||